Aeropuertos Comerciales de España - Estadísticas

Estadísticas generales
  • Esta prueba ha sido intentada 51 veces
  • La puntuación promedio es 40 de 50
Estadísticas de respuestas
Imagen Hint Respuesta % Correcto
BJZ (Op. Aena) Aeropuerto de Badajoz
98%
IBZ (Op. Aena) Aeropuerto de Ibiza - Eivissa
98%
MAD (Op. Aena) Aeropuerto de Madrid - Barajas (Adolfo Suárez)
98%
OVD (Op. Aena) Aeropuerto de Oviedo - Asturias
98%
BCN (Op. Aena) Aeropuerto de Barcelona - El Prat (Josep Tarradellas)
96%
BIO (Op. Aena) Aeropuerto de Bilbao
96%
VLC (Op. Aena) Aeropuerto de Valencia (Manisses)
96%
VLL (Op. Aena) Aeropuerto de Valladolid
96%
VGO (Op. Aena) Aeropuerto de Vigo
96%
ALC (Op. Aena) Aeropuerto de Alicante - Elx (Miguel Hernández/ El Altet)
94%
PMI (Op. Aena) Aeropuerto de Palma de Mallorca
94%
VIT (Op. Aena) Aeropuerto de Vitoria
94%
GRX (Op. Aena) Aeropuerto de Granada - Jaén (Federico García Lorca)
92%
SDR (Op. Aena) Aeropuerto de Santander (Seve Ballesteros)
90%
SVQ (Op. Aena) Aeropuerto de Sevilla (San Pablo)
90%
ZAZ (Op. Aena Aeropuerto de Zaragoza
90%
FUE (Op. Aena) Aeropuerto de Fuerteventura
88%
ILD (Op. Aeroports de Catalunya) Aeropuerto de Lleida - Alguaire
88%
MAH (Op. Aena) Aeropuerto de Menorca (Mahón)
88%
XRY (Op. Aena) Aeropuerto de Jerez
85%
EAS (Op. Aena) Aeropuerto de San Sebastián
85%
GRO (Op. Aena) Aeropuerto de Girona - Costa Brava
83%
AGP (Op. Aena) Aeropuerto de Málaga - Costa del Sol
83%
LEN (Op. Aena) Aeropuerto de León
81%
CDT (Op. Aerocas, Gobierno Comunitat Valenciana) Aeropuerto de Castellón - Costa del Azahar
79%
ACE (Op. Aena) Aeropuerto de Lanzarote (César Manrique)
79%
RMU (Op. Aena) Aeropuerto de Murcia
79%
REU (Op. Aena) Aeropuerto de Reus
79%
TEV (Op. Plata, Gobierno de Aragón) Aeropuerto de Teruel
79%
LCG (Op. Aena) Aeropuerto de A Coruña
77%
GMZ (Op. Aena) Aeropuerto de La Gomera
77%
SLM (Op. Aena) Aeropuerto de Salamanca
77%
SCQ (Op. Aena) Aeropuerto de Santiago - Rosalía de Castro
77%
TFN (Op. Aena) Aeropuerto de Tenerife Norte - Ciudad de La Laguna
77%
LEI (Op. Aena) Aeropuerto de Almería
75%
LPA (Op. Aena) Aeropuerto de Gran Canaria
73%
RJL (Op. Aena) Aeropuerto de Logroño - Agoncillo
73%
PNA (Op. Aena) Aeropuerto de Pamplona - Noáin
73%
HSK (Op. Aena) Aeropuerto de Huesca - Pirineos
71%
ODB (Op. Aena) Aeropuerto de Córdoba
69%
SPC (Op. Aena) Aeropuerto de La Palma
69%
TFS (Op. Aena) Aeropuerto de Tenerife Sur
69%
ABC (Op. Aena) Aeropuerto de Albacete (Los Llanos)
67%
RGS (Op. Aena) Aeropuerto de Burgos
67%
VDE (Op. Aena) Aeropuerto de El Hierro
67%
MLN (Op. Aena) Aeropuerto de Melilla
63%
JCU (Helipuerto Op. Aena) Helipuerto de Ceuta
58%
LEU (Op. Aeroports de Catalunya) Aeropuerto de Andorra - La Seu
54%
QSA (Op. Aena) Aeropuerto de Sabadell
44%
AEI (Helipuerto Op. Aena) Helipuerto de Algeciras
38%
No se encontraron pruebas coincidentes
Distribución de puntuación
Porcentaje de gente con cada puntuación
Porcentaje por número respondido
Historial de tus puntuaciones
No has intentado esta prueba.